[Event "Pontevedra op-B 10th"]
[Site "Pontevedra"]
[Date "2022.07.28"]
[Round "7.5"]
[White "Diniz Lopez, Sergio"]
[Black "Ould Rouis, Mounir"]
[Result "0-1"]
[WhiteElo "1652"]
[BlackElo "1944"]
[PlyCount "102"]
[EventDate "2022.07.24"]
[EventType "swiss"]
[EventRounds "9"]
[EventCountry "ESP"]
[SourceTitle "EXT 2023"]
[Source "ChessBase"]
[SourceDate "2022.10.05"]
[SourceVersion "1"]
[SourceVersionDate "2022.10.05"]
[SourceQuality "1"]

1. d4 Nf6 2. Nf3 d5 3. e3 Bf5 4. c4 e6 5. Nc3 Be7 6. Qb3 b6 7. Ne5 0-0 8. Be2 c6 9. 0-0 Bd6 10. f4 Bxe5 11. fxe5 Ne4 12. Nxe4 Bxe4 13. Bd3 Bxd3 14. Qxd3 f5 15. exf6 Rxf6 16. Bd2 Nd7 17. e4 Rg6 18. e5 Qh4 19. Rf4 Rg4 20. g3 Rf8 21. Raf1 Rfxf4 22. Rxf4 g5 23. Rxg4 Qxg4 24. Bc3 dxc4 25. Qxc4 Nxe5 26. Qf1 Nf3+ 27. Kg2 Nxd4 28. Qf6 Qe4+ 29. Kh3 g4+ 30. Kh4 Nf3+ 31. Kh5 Qf5+ 32. Qxf5 exf5 33. Kh6 Kf7 34. Kxh7 Nxh2 35. Be5 Nf3 36. Bb8 a6 37. Kh6 Kf6 38. Bc7 b5 39. b4 Nd4 40. Bd8+ Ke5 41. Kg6 Nc2 42. Bf6+ Ke4 43. Be7 f4 44. gxf4 Kxf4 45. Bd6+ Kf3 46. Kf6 g3 47. Ke6 g2 48. Bc5 Ne3 49. Bxe3 Kxe3 50. Kd6 g1Q 51. Kxc6 Qg6+ 0-1

[Event "Pontevedra op-B 10th"]
[Site "Pontevedra"]
[Date "2022.07.27"]
[Round "6.6"]
[White "Ould Rouis, Mounir"]
[Black "Alonso Lopez, Daniel"]
[Result "1/2-1/2"]
[WhiteElo "1944"]
[BlackElo "1332"]
[PlyCount "122"]
[EventDate "2022.07.24"]
[EventType "swiss"]
[EventRounds "9"]
[EventCountry "ESP"]
[SourceTitle "EXT 2023"]
[Source "ChessBase"]
[SourceDate "2022.10.05"]
[SourceVersion "1"]
[SourceVersionDate "2022.10.05"]
[SourceQuality "1"]

1. d4 d5 2. Nc3 Nf6 3. Bg5 e6 4. e4 dxe4 5. Nxe4 Be7 6. Bxf6 Bxf6 7. Nf3 0-0 8. c3 Nd7 9. Bd3 Qe7 10. Qe2 c6 11. g4 g6 12. h4 Bg7 13. g5 Re8 14. 0-0-0 e5 15. dxe5 Nxe5 16. Nxe5 Qxe5 17. Qf3 Bf5 18. Rhe1 Bxe4 19. Rxe4 Qa5 20. Rf4 Qc7 21. Bc4 Re7 22. Qg4 Rd8 23. Rxd8+ Qxd8 24. Qf3 Qc7 25. Kc2 Qd7 26. h5 Qe8 27. hxg6 hxg6 28. a4 Kf8 29. Qd3 Qb8 30. Qf3 Qc7 31. Qg4 Qd7 32. Qf3 Qc7 33. Bd3 Kg8 34. Qg4 Qd7 35. Qh4 Qc7 36. Rf3 Qa5 37. Qg4 Qc7 38. Rh3 Qd7 39. Qh4 Qc7 40. Qh7+ Kf8 41. Rf3 Qa5 42. b4 Qxa4+ 43. Kd2 Qa2+ 44. Bc2 Qd5+ 45. Rd3 Qxg5+ 46. Re3 Rxe3 47. fxe3 Qg2+ 48. Kd3 Qf1+ 49. Kd2 Qc4 50. Qh3 Qxc3+ 51. Kd1 Qxb4 52. Qc8+ Ke7 53. Qc7+ Ke6 54. Qc8+ Kd6 55. Qd8+ Kc5 56. Qe7+ Kb5 57. Qxb7+ Kc5 58. Qe7+ Kb5 59. Qb7+ Kc5 60. Qe7+ Kb5 61. Qb7+ Kc5 1/2-1/2

[Event "ALG Cup"]
[Site "Bejaia"]
[Date "2020.02.29"]
[Round "5"]
[White "Ould Rouis, Mounir"]
[Black "Aslouni, Yanis"]
[Result "1-0"]
[WhiteElo "1949"]
[BlackElo "1721"]
[PlyCount "52"]
[EventDate "2020.02.27"]
[EventType "swiss"]
[EventRounds "7"]
[EventCountry "ALG"]
[SourceTitle "CBM 195 Extra"]
[Source "ChessBase"]
[SourceDate "2020.05.31"]
[SourceVersion "1"]
[SourceVersionDate "2020.05.31"]
[SourceQuality "1"]

1. d4 d5 2. Nc3 Nf6 3. Bg5 e6 4. e4 dxe4 5. Nxe4 Nbd7 6. Nf3 Be7 7. Nxf6+ Nxf6 8. c3 0-0 9. Bd3 c5 10. Qe2 cxd4 11. Nxd4 Nd5 12. h4 g6 13. Bh6 Re8 14. h5 e5 15. hxg6 fxg6 16. Nf3 Bf6 17. Bc4 Be6 18. Rd1 Rc8 19. Qe4 Rxc4 20. Qxc4 Qc7 21. Qxc7 Nxc7 22. Bg5 Bg7 23. Be3 b6 24. Ng5 Bd5 25. Rxh7 Bxg2 26. Rd7 Ne6 1-0

[Event "Tipaza U2200 op"]
[Site "Tipaza"]
[Date "2019.05.01"]
[Round "2"]
[White "Ould Rouis, Mounir"]
[Black "Benelfekir, Amina"]
[Result "1-0"]
[WhiteElo "1984"]
[BlackElo "1415"]
[PlyCount "49"]
[EventDate "2019.05.01"]
[EventType "swiss"]
[EventRounds "9"]
[EventCountry "ALG"]
[SourceTitle "CBM 190 Extra"]
[Source "ChessBase"]
[SourceDate "2019.07.15"]
[SourceVersion "1"]
[SourceVersionDate "2019.07.15"]
[SourceQuality "1"]

1. e4 e5 2. f4 d6 3. Nf3 Nc6 4. Bc4 Nf6 5. d3 g6 6. Ng5 d5 7. exd5 Nxd5 8. Qf3 f6 9. Bxd5 Nd4 10. Bf7+ Ke7 11. Qf2 fxg5 12. fxe5 Nxc2+ 13. Qxc2 Kxf7 14. Qc4+ Kg7 15. 0-0 Bf5 16. d4 h5 17. Be3 g4 18. Nc3 Qd7 19. d5 Be7 20. e6 Qd6 21. Nb5 Qb4 22. Bd4+ Kh7 23. Qxc7 Bd3 24. Rf7+ Kg8 25. Rxe7 1-0

[Event "Sousse Sahel op"]
[Site "Sousse"]
[Date "2019.04.24"]
[Round "9"]
[White "Miladi, Amen"]
[Black "Ould Rouis, Mounir"]
[Result "0-1"]
[WhiteElo "1681"]
[BlackElo "2018"]
[PlyCount "70"]
[EventDate "2019.04.19"]
[EventType "swiss"]
[EventRounds "9"]
[EventCountry "TUN"]
[SourceTitle "CBM 190 Extra"]
[Source "ChessBase"]
[SourceDate "2019.07.15"]
[SourceVersion "1"]
[SourceVersionDate "2019.07.15"]
[SourceQuality "1"]

1. e4 Nf6 2. e5 Nd5 3. c4 Nb6 4. d4 d6 5. exd6 cxd6 6. Nc3 g6 7. Nf3 Bg7 8. Be2 Bg4 9. h3 Bxf3 10. Bxf3 Nc6 11. Bxc6+ bxc6 12. Qd3 0-0 13. 0-0 d5 14. cxd5 Nxd5 15. a3 Nc7 16. Rd1 Qd7 17. Be3 Rfd8 18. Qc2 Rac8 19. Rac1 Nb5 20. Ne2 e6 21. a4 Nd6 22. Rd3 Nf5 23. Rdd1 Qb7 24. g4 Nxe3 25. fxe3 c5 26. dxc5 Qf3 27. Rd3 Bh6 28. Rcd1 Bxe3+ 29. Kh2 Qf2+ 30. Kh1 Rxd3 31. Qxd3 Rxc5 32. b4 Rd5 33. Qc2 Bf4 34. Qc8+ Kg7 35. Qc3+ Be5 0-1

[Event "Hammam Sousse Sahel Festival Blitz"]
[Site "Hammam Sousse"]
[Date "2019.04.21"]
[Round "6.3"]
[White "Meftahi, Houssem"]
[Black "Ould Rouis, Mounir"]
[Result "1-0"]
[WhiteElo "2111"]
[BlackElo "2002"]
[PlyCount "87"]
[EventDate "2019.04.21"]
[EventType "swiss (blitz)"]
[EventRounds "7"]
[EventCountry "TUN"]
[SourceTitle "EXT 2024"]
[Source "ChessBase"]
[SourceDate "2023.10.10"]
[SourceVersion "1"]
[SourceVersionDate "2023.10.10"]
[SourceQuality "1"]

1. e4 e6 2. d3 d5 3. Nd2 dxe4 4. dxe4 Bc5 5. Ngf3 Ne7 6. g3 0-0 7. Bg2 Bd7 8. 0-0 Ng6 9. c3 Bc6 10. Qc2 Nd7 11. a4 a5 12. h4 e5 13. Nc4 f6 14. h5 Nh8 15. b4 axb4 16. cxb4 Bd4 17. Nxd4 exd4 18. Bb2 Ne5 19. b5 Be8 20. Rad1 d3 21. Qb3 Bf7 22. Bxe5 fxe5 23. Rxd3 Qe7 24. Qc3 Rxa4 25. Nxe5 Bxh5 26. Qb3+ Nf7 27. Nxf7 Qxf7 28. Qxa4 Be2 29. Rd2 Bxf1 30. Bxf1 Qf6 31. Qd4 Qg5 32. Qd5+ Qxd5 33. exd5 Kf7 34. d6 cxd6 35. Rxd6 Ke7 36. Rb6 Rb8 37. Bg2 Rd8 38. Rxb7+ Kf6 39. b6 Rd1+ 40. Kh2 Rd2 41. f4 Rb2 42. Rb8 Kg6 43. b7 h5 44. Rh8 1-0

[Event "Hammam Sousse Sahel Festival Blitz"]
[Site "Hammam Sousse"]
[Date "2019.04.21"]
[Round "1.1"]
[White "Ould Rouis, Mounir"]
[Black "Boudriga, Mohamed Ali"]
[Result "0-1"]
[WhiteElo "2002"]
[BlackElo "2292"]
[PlyCount "50"]
[EventDate "2019.04.21"]
[EventType "swiss (blitz)"]
[EventRounds "7"]
[EventCountry "TUN"]
[SourceTitle "EXT 2024"]
[Source "ChessBase"]
[SourceDate "2023.10.10"]
[SourceVersion "1"]
[SourceVersionDate "2023.10.10"]
[SourceQuality "1"]

1. d4 Nf6 2. Bg5 c5 3. d5 Qb6 4. b3 Ne4 5. Bd2 g6 6. Nc3 Nxd2 7. Qxd2 Bg7 8. Rd1 0-0 9. e4 d6 10. Nf3 Qb4 11. Nb5 Qxe4+ 12. Be2 Na6 13. c4 Bd7 14. Nc3 Qf5 15. h3 Qf6 16. Ne4 Qb2 17. Qf4 Qxa2 18. h4 h6 19. h5 g5 20. Nfxg5 hxg5 21. Qxg5 Kh8 22. h6 Bd4 23. Qxe7 Rae8 24. Qxd6 Bf5 25. Nf6 Qxe2# 0-1

[Event "Hammam Sousse Sahel Festival Blitz"]
[Site "Hammam Sousse"]
[Date "2019.04.21"]
[Round "7.4"]
[White "Ould Rouis, Mounir"]
[Black "Chamam, Nazih"]
[Result "1-0"]
[WhiteElo "2002"]
[BlackElo "2093"]
[PlyCount "63"]
[EventDate "2019.04.21"]
[EventType "swiss (blitz)"]
[EventRounds "7"]
[EventCountry "TUN"]
[SourceTitle "EXT 2024"]
[Source "ChessBase"]
[SourceDate "2023.10.10"]
[SourceVersion "1"]
[SourceVersionDate "2023.10.10"]
[SourceQuality "1"]

1. d4 Nf6 2. Bg5 Ne4 3. Bh4 c5 4. f3 Qa5+ 5. c3 g5 6. fxe4 gxh4 7. d5 e6 8. Nf3 c4 9. e3 Qb6 10. Qd4 Qxb2 11. Qxh8 Qxa1 12. Nfd2 b5 13. Be2 h3 14. g3 Na6 15. 0-0 Bb7 16. Qf6 Be7 17. Qxf7+ Kd8 18. dxe6 Qxa2 19. exd7 Nc5 20. Qe8+ Kc7 21. Qxe7 Nxd7 22. Bg4 Bc6 23. e5 Rd8 24. e6 Kb6 25. exd7 Kc7 26. Qe5+ Kb7 27. Bf3 Rxd7 28. Qxb5+ Kc7 29. Qxc6+ Kd8 30. Bg4 Rxd2 31. Nxd2 Qxd2 32. Rd1 1-0

[Event "ALG-ch sf"]
[Site "Oran"]
[Date "2018.05.03"]
[Round "5"]
[White "Bengherabi, Khalil"]
[Black "Ould Rouis, Mounir"]
[Result "0-1"]
[WhiteElo "2176"]
[BlackElo "2020"]
[PlyCount "42"]
[EventDate "2018.05.01"]
[EventType "swiss"]
[EventRounds "9"]
[EventCountry "ALG"]
[SourceTitle "CBM 184 Extra"]
[Source "ChessBase"]
[SourceDate "2018.06.28"]
[SourceVersion "1"]
[SourceVersionDate "2018.06.28"]
[SourceQuality "1"]

1. e4 e6 2. d4 d5 3. Nc3 dxe4 4. Nxe4 Nd7 5. Nf3 Ngf6 6. Nxf6+ Nxf6 7. Bd3 Bd6 8. 0-0 0-0 9. Bg5 h6 10. Bh4 b6 11. Qe2 Bb7 12. Rad1 Be7 13. c4 Nh5 14. Bxe7 Qxe7 15. d5 Qf6 16. dxe6 Nf4 17. Qe3 Rae8 18. Ne1 Rxe6 19. Qg3 Rd8 20. Kh1 Red6 21. Qe3 Qg5 0-1

[Event "Constantine Cirta op"]
[Site "Constantine"]
[Date "2017.10.21"]
[Round "5"]
[White "Benelouzzane, Mourad"]
[Black "Ould Rouis, Mounir"]
[Result "1-0"]
[WhiteElo "1891"]
[BlackElo "2059"]
[PlyCount "87"]
[EventDate "2017.10.19"]
[EventType "swiss"]
[EventRounds "5"]
[EventCountry "ALG"]
[SourceTitle "CBM 181 Extra"]
[Source "ChessBase"]
[SourceDate "2017.12.12"]
[SourceVersion "1"]
[SourceVersionDate "2017.12.12"]
[SourceQuality "1"]

1. Nf3 Nf6 2. g3 d5 3. Bg2 c5 4. 0-0 Nc6 5. d3 Bg4 6. Nbd2 Qd7 7. Re1 h5 8. h4 e5 9. c3 Be7 10. Qc2 Nh7 11. Nf1 Bxf3 12. exf3 g5 13. hxg5 Nxg5 14. Bxg5 Bxg5 15. f4 Be7 16. fxe5 h4 17. d4 cxd4 18. e6 fxe6 19. Qg6+ Kd8 20. Qxe6 Qxe6 21. Rxe6 Rh5 22. Rd1 Kd7 23. Bh3 hxg3 24. Rh6+ Rxh3 25. Rxh3 gxf2+ 26. Kxf2 dxc3 27. bxc3 Bc5+ 28. Ke2 Re8+ 29. Ne3 d4 30. cxd4 Nxd4+ 31. Kd3 Ne6 32. Kc2+ Kc6 33. Nf5 b6 34. Rh6 a5 35. Ng7 Rg8 36. Nxe6 Be3 37. Nd4+ Kb7 38. Rh7+ Ka6 39. Nf5 Bf4 40. a4 Rb8 41. Nd6 Rd8 42. Nb5 Rc8+ 43. Kb3 Ra8 44. Rdd7 1-0

[Event "Constantine Cirta op"]
[Site "Constantine"]
[Date "2017.10.19"]
[Round "1"]
[White "Ould Rouis, Mounir"]
[Black "Belattar, Ines"]
[Result "1-0"]
[WhiteElo "2059"]
[BlackElo "1146"]
[PlyCount "63"]
[EventDate "2017.10.19"]
[EventType "swiss"]
[EventRounds "5"]
[EventCountry "ALG"]
[SourceTitle "CBM 181 Extra"]
[Source "ChessBase"]
[SourceDate "2017.12.12"]
[SourceVersion "1"]
[SourceVersionDate "2017.12.12"]
[SourceQuality "1"]

1. e4 d5 2. exd5 Nf6 3. Nc3 Nxd5 4. Nf3 Nc6 5. Bc4 Nb6 6. Bb3 e5 7. d3 h6 8. h3 Be7 9. a4 a5 10. 0-0 Bf5 11. Re1 Bf6 12. Bf4 Qe7 13. Nd5 Nxd5 14. Bxd5 0-0-0 15. Bxc6 Qc5 16. Bxb7+ Kxb7 17. Bxe5 Rhe8 18. Bxf6 Rxe1+ 19. Nxe1 gxf6 20. Qf3+ Kb8 21. Ra3 c6 22. Rc3 Qe5 23. Qe3 Rg8 24. Qb6+ Kc8 25. Qxc6+ Kd8 26. Nf3 Qb8 27. Qxf6+ Ke8 28. Qxf5 Ke7 29. Qxa5 Qd6 30. Qc7+ Qd7 31. Qe5+ Kd8 32. Rb3 1-0

[Event "Monastir Moknine op-B"]
[Site "Monastir"]
[Date "2017.09.08"]
[Round "6"]
[White "Ould Rouis, Mounir"]
[Black "Charfeddine, Akrem"]
[Result "0-1"]
[WhiteElo "2085"]
[BlackElo "1963"]
[PlyCount "83"]
[EventDate "2017.09.05"]
[EventType "swiss"]
[EventRounds "9"]
[EventCountry "TUN"]
[SourceTitle "EXT 2019"]
[Source "ChessBase"]
[SourceDate "2018.10.10"]
[SourceVersion "1"]
[SourceVersionDate "2018.10.10"]
[SourceQuality "1"]

1. e4 c5 2. Nf3 d6 3. Nc3 Nc6 4. Bc4 Nf6 5. h3 h6 6. d3 e5 7. 0-0 Be7 8. Nh2 g5 9. Nd5 Nxd5 10. Bxd5 h5 11. c3 Be6 12. Bxe6 fxe6 13. Nf3 g4 14. hxg4 hxg4 15. Nh2 Qd7 16. Nxg4 0-0-0 17. g3 Rdg8 18. Kg2 d5 19. Qe2 Bd8 20. Rh1 Rxh1 21. Kxh1 Qh7+ 22. Kg2 Qh5 23. f3 Rh8 24. Bd2 Qh3+ 25. Kf2 Rf8 26. Bh6 Rf7 27. exd5 exd5 28. f4 Rh7 29. fxe5 Rxh6 30. Nxh6 Qh2+ 31. Kf3 Qxh6 32. Re1 Bc7 33. e6 Qh3 34. Rg1 Ne5+ 35. Kf2 Qxe6 36. Kg2 Qg6 37. Rd1 d4 38. cxd4 cxd4 39. Qf2 Nxd3 40. Qxd4 Qxg3+ 41. Kf1 Qf3+ 42. Kg1 0-1

[Event "ALG-ch sf"]
[Site "Algiers"]
[Date "2014.12.30"]
[Round "1"]
[White "Amellal, Sofiane Anis"]
[Black "Ould Rouis, Mounir"]
[Result "1-0"]
[WhiteElo "1817"]
[BlackElo "2094"]
[PlyCount "71"]
[EventDate "2014.12.30"]
[EventType "swiss"]
[EventRounds "9"]
[EventCountry "ALG"]
[SourceTitle "CBM 164 Extra"]
[Source "ChessBase"]
[SourceDate "2015.03.02"]
[SourceVersion "1"]
[SourceVersionDate "2015.03.02"]
[SourceQuality "1"]

1. e4 e6 2. d4 d5 3. Nd2 Nf6 4. e5 Nfd7 5. f4 c5 6. c3 Nc6 7. Ngf3 Qb6 8. Qa4 cxd4 9. cxd4 Bb4 10. Bb5 Nxd4 11. Nxd4 Qxd4 12. a3 Qe3+ 13. Kd1 Be7 14. Nf1 Qf2 15. Be3 Qxg2 16. Rg1 Qf3+ 17. Be2 Qh3 18. Rxg7 Kf8 19. Rg3 Qh4 20. Rg4 Qh3 21. Rc1 Ke8 22. Rc3 Bd8 23. Qc2 f5 24. Rg3 Qh6 25. Rxc8 Rxc8 26. Qxc8 Qf8 27. Bh5+ Ke7 28. Bc5+ Nxc5 29. Qxc5+ Kd7 30. Qxa7 Qh6 31. Qxb7+ Bc7 32. Qb5+ Kd8 33. Be2 Re8 34. Qc6 Qxf4 35. Rg7 Qd4+ 36. Nd2 1-0

[Event "ALG-ch sf"]
[Site "Sidi Bel Abbes"]
[Date "2013.03.31"]
[Round "8"]
[White "Ould Rouis, Mounir"]
[Black "Aknouche, Amer"]
[Result "1/2-1/2"]
[WhiteElo "2103"]
[BlackElo "2110"]
[PlyCount "115"]
[EventDate "2013.03.27"]
[EventType "swiss"]
[EventRounds "9"]
[EventCountry "ALG"]
[SourceTitle "CBM 153 Extra"]
[Source "ChessBase"]
[SourceDate "2013.04.22"]
[SourceVersion "1"]
[SourceVersionDate "2013.04.22"]
[SourceQuality "1"]

1. e4 c5 2. Nc3 Nc6 3. g3 g6 4. Bg2 Bg7 5. Nge2 Nd4 6. d3 e6 7. f4 Ne7 8. e5 d6 9. exd6 Qxd6 10. Ne4 Qc7 11. N2c3 Bd7 12. Be3 0-0 13. 0-0 Rac8 14. Qd2 b5 15. Nd1 Nd5 16. Bf2 f5 17. c3 fxe4 18. dxe4 Nxf4 19. gxf4 Qxf4 20. Ne3 Bc6 21. Bg3 Qh6 22. Kh1 e5 23. Rxf8+ Rxf8 24. Qd3 Nf3 25. Nd5 Bxd5 26. Qxd5+ Kh8 27. Qxc5 Nh4 28. Bxe5 Bxe5 29. Qxe5+ Qg7 30. Qxb5 Nxg2 31. Kxg2 Qe7 32. Qe2 Rf4 33. Re1 Qg5+ 34. Kh1 Qh4 35. Qe3 Rf2 36. h3 Rf4 37. e5 Kg8 38. Kg2 Qg5+ 39. Qg3 Qf5 40. Re2 Re4 41. Rxe4 Qxe4+ 42. Qf3 Qxe5 43. Qa8+ Kg7 44. Qxa7+ Kh6 45. Qf2 Qd5+ 46. Kg3 Qxa2 47. Qf8+ Kh5 48. Qf4 g5 49. Qf5 Qa7 50. Qf3+ Kg6 51. Qe4+ Kh6 52. Qe6+ Kh5 53. Qe2+ Kh6 54. Qe6+ Kh5 55. b4 Qc7+ 56. Kg2 Qxc3 57. Qe8+ Kh6 58. b5 1/2-1/2

[Event "ALG-ch sf"]
[Site "Sidi Bel Abbes"]
[Date "2013.03.30"]
[Round "7"]
[White "Mezioud, Amina"]
[Black "Ould Rouis, Mounir"]
[Result "0-1"]
[WhiteElo "2053"]
[BlackElo "2103"]
[PlyCount "99"]
[EventDate "2013.03.27"]
[EventType "swiss"]
[EventRounds "9"]
[EventCountry "ALG"]
[SourceTitle "CBM 153 Extra"]
[Source "ChessBase"]
[SourceDate "2013.04.22"]
[SourceVersion "1"]
[SourceVersionDate "2013.04.22"]
[SourceQuality "1"]

1. e4 d6 2. d4 Nf6 3. Nc3 g6 4. f3 Bg7 5. Be3 Nbd7 6. Bc4 c6 7. Bb3 b5 8. a3 Bb7 9. Nge2 a6 10. a4 b4 11. Nb1 a5 12. Nd2 Ba6 13. Bc4 Nb6 14. Bxa6 Rxa6 15. 0-0 Qc8 16. c3 c5 17. cxb4 cxb4 18. Rc1 Qd7 19. b3 0-0 20. d5 Qb7 21. Nd4 Nfd7 22. Nb5 Rc8 23. Rxc8+ Qxc8 24. Qc1 Nc5 25. Qc2 Nbd7 26. Rc1 Qb7 27. f4 h5 28. Nf3 Nf6 29. e5 Nxd5 30. exd6 exd6 31. Bxc5 dxc5 32. Qxc5 Nxf4 33. Qe3 Ne6 34. Rf1 Qd5 35. h4 Qc5 36. Qxc5 Nxc5 37. Rb1 Re6 38. Kf2 Ne4+ 39. Kf1 Rc6 40. Re1 f5 41. Rd1 Bf6 42. Nd2 Nxd2+ 43. Rxd2 Bxh4 44. Ke2 Bf6 45. Rd3 Rc2+ 46. Kf3 Be7 47. g3 Kf7 48. Kf4 Kf6 49. Nd4 g5+ 50. Kf3 0-1

[Event "ALG-ch sf"]
[Site "Sidi Bel Abbes"]
[Date "2013.03.28"]
[Round "3"]
[White "Ould Rouis, Mounir"]
[Black "Lalouani, Mokhtar"]
[Result "1-0"]
[WhiteElo "2103"]
[BlackElo "1884"]
[PlyCount "45"]
[EventDate "2013.03.27"]
[EventType "swiss"]
[EventRounds "9"]
[EventCountry "ALG"]
[SourceTitle "CBM 153 Extra"]
[Source "ChessBase"]
[SourceDate "2013.04.22"]
[SourceVersion "1"]
[SourceVersionDate "2013.04.22"]
[SourceQuality "1"]

1. d4 Nf6 2. Bg5 d6 3. Nc3 d5 4. Qd3 c6 5. f3 Qa5 6. Bd2 Na6 7. Nd1 Qc7 8. e4 e5 9. exd5 cxd5 10. dxe5 Qxe5+ 11. Ne2 Bc5 12. Qb5+ Kd8 13. Ndc3 d4 14. Bf4 Qf5 15. 0-0-0 Nb4 16. Ne4 b6 17. g4 Nxg4 18. Bh3 h5 19. Bg5+ Kc7 20. N2g3 Qg6 21. fxg4 Bd7 22. Qxd7+ Kxd7 23. gxh5+ 1-0

[Event "Algiers Cup 11th"]
[Site "Algiers"]
[Date "2013.01.19"]
[Round "7"]
[White "Ould Rouis, Mounir"]
[Black "Khair, Adem"]
[Result "0-1"]
[WhiteElo "2147"]
[BlackElo "2075"]
[PlyCount "94"]
[EventDate "2013.01.11"]
[EventType "swiss"]
[EventRounds "14"]
[EventCountry "ALG"]
[SourceTitle "CBM 152 Extra"]
[Source "ChessBase"]
[SourceDate "2013.02.25"]
[SourceVersion "1"]
[SourceVersionDate "2013.02.25"]
[SourceQuality "1"]

1. d4 Nf6 2. Bg5 g6 3. Nc3 Bg7 4. e4 d6 5. Qd2 h6 6. Bf4 c6 7. f3 Qa5 8. g4 e5 9. dxe5 dxe5 10. Be3 Be6 11. a3 Nbd7 12. Qf2 Bf8 13. Nge2 b5 14. Bd2 Qc7 15. a4 b4 16. Nd1 Nb6 17. b3 a5 18. Be3 Nbd7 19. Nb2 c5 20. Nc1 Nb6 21. Bb5+ Bd7 22. Qe2 Nc8 23. Bxd7+ Nxd7 24. Ncd3 Nd6 25. Nc4 Nxc4 26. bxc4 Nb6 27. Nb2 0-0-0 28. Kf2 f5 29. Rhd1 f4 30. Rxd8+ Qxd8 31. Bd2 Qd4+ 32. Kg2 Qxb2 33. Rc1 Be7 34. Re1 Rd8 35. Bc1 Qd4 36. Rf1 Kc7 37. Kh1 Qxc4 38. Qg2 Qd4 39. Qe2 c4 40. h3 Kb7 41. Kg2 Bc5 42. Kh1 Qd7 43. Bb2 c3 44. Bc1 Qxa4 45. Rd1 Rxd1+ 46. Qxd1 Qa1 47. Kg2 Be3 0-1

[Event "Algiers Cup 11th"]
[Site "Algiers"]
[Date "2013.01.18"]
[Round "6"]
[White "Ould Rouis, Mounir"]
[Black "Ouaret, Abdelouhab"]
[Result "1-0"]
[WhiteElo "2147"]
[BlackElo "1811"]
[PlyCount "63"]
[EventDate "2013.01.11"]
[EventType "swiss"]
[EventRounds "14"]
[EventCountry "ALG"]
[SourceTitle "CBM 152 Extra"]
[Source "ChessBase"]
[SourceDate "2013.02.25"]
[SourceVersion "1"]
[SourceVersionDate "2013.02.25"]
[SourceQuality "1"]

1. e4 e5 2. d4 exd4 3. Qxd4 Nc6 4. Qe3 d6 5. Nc3 Nf6 6. f3 Be7 7. Bd2 d5 8. exd5 Nxd5 9. Nxd5 Qxd5 10. Ne2 Bf5 11. Nc3 Qd4 12. Bb5 Qxe3+ 13. Bxe3 0-0 14. 0-0-0 Nb4 15. Ba4 Bf6 16. Bc5 a5 17. Bxf8 Kxf8 18. a3 Na6 19. g4 Be6 20. Ne4 Be5 21. Bb3 Bxb3 22. cxb3 Rc8 23. Kb1 c6 24. Rd7 Rc7 25. Rxc7 Nxc7 26. Nc5 Bd4 27. Nxb7 Bb6 28. Rc1 Ne6 29. Rxc6 Bg1 30. h3 Ng5 31. Nxa5 Nxf3 32. Rd6 1-0